Statistics for Children's stories with terrible lessons

Click here to take the quiz!

General Stats

  • This quiz has been taken 15 times
  • The average score is 6 of 11

Answer Stats

LessonStory% Correct
Only date an ugly person if they're wealthy, true love only matters for attractive peopleBeauty and the Beast
87%
Follow the path others tell you to follow, or else you'll suffer terrible consequences | Or: If you're an irresponsible parent and release your child into a dangerous situation, it's okay because strangers with weapons live nearby if danger crops upLittle Red Riding Hood
67%
The only way to feel good about yourself and shrug off racist torments is if you eventually become attractive in the eyes of othersThe Ugly Duckling
67%
If you don't already regret recklessly having kids and then abandoning them because you can't take care of them, you'll definitely want them back when they become richHansel and Gretel
67%
You have no control over your own life, you are at the mercy of othersCinderella
60%
It's okay to endanger your loved ones if everything eventually works out by wild coincidence with no effortRumpelstiltskin
47%
If you steal, you'd better be ready to murder tooJack and the Beanstalk
40%
If someone in your family is a problem, throw them out and they'll become someone else's problemGoldilocks and the Three Bears
33%
It's okay to renege on a contract if it only harms people you don't know or care aboutPied Piper of Hamelin
13%
When confronted with danger, betray your family to save yourselfThree Billy Goats Gruff
7%

Score Distribution

Percentile by Number Answered

Percent of People with Each Score

Your Score History

You have not taken this quiz